Music Quiz

Random Music Quiz

Lyrics to Dark Side by Kelly Clarkson Quiz Stats

 Plays Quiz not verified by Sporcle

Score 0/25 Timer 10:00
0 Plays Today
Hint Answer % Correct
If I show it to you now, will it make you run away
96.3%
Or will you stay,even if it hurts
96.3%
Even if I try to push you out,will you return
92.6%
And remind me who I really am,Please remind me who I really am
92.6%
So don't give up on me,Please remind me who I really am
92.6%
Oh, ooh no, oh, ohThere's a place, that I know
88.9%
Will you love me?Even with my dark side?
88.9%
Will you love me?Even with my dark side?
88.9%
Will you love me?Even with my dark side?
88.9%
Everybody's got a dark side,Do you love me? Can you love mine?
85.2%
Everybody's got a dark sideDo you love me? Can you love mine?
85.2%
Everybody's got a dark side Do you love me? Can you love mine?
85.2%
Nobody's a picture perfect,But we're worth it, you know that we're worth it
77.8%
Hint Answer % Correct
Nobody's a picture perfect,But we're worth it, you know that we're worth it
77.8%
Don't run away,Don't run away
77.8%
Don't run awayDon't run away
77.8%
Nobody's a picture perfectBut we're worth it, you know that we're worth it
77.8%
Don't run awayDon't run away
77.8%
Just promise me you will stay Promise me you will stay
74.1%
Just promise me you will stayPromise me you will stay
74.1%
Don't run away Promise me you will stay
74.1%
It's not pretty there, and few have ever gone
70.4%
It's hard to know what can become,If you give up
63%
Like a diamond,from black dust
59.3%
Will you love me?...oh
51.9%

You're not logged in!

Compare scores with friends on all Sporcle quizzes.
OR
Log In

Sporcle TV

Today on Sporcle TV


Watch our educational content, quiz creation guides, and fun videos on Sporcle TV.

Show Comments

Extras

Top Quizzes Today


Score Distribution

Your Account Isn't Verified!

In order to create a playlist on Sporcle, you need to verify the email address you used during registration. Go to your Sporcle Settings to finish the process.

Report this User

Report this user for behavior that violates our Community Guidelines.

Details: